L2. Systemen fuer die niederdrueck-lackierung.
Uloženo v:
| Korporace: | , |
|---|---|
| Médium: | Kniha |
| Jazyk: | němčina čeština |
| Vydáno: |
[S.l.] :
[s.n.],
2007
|
| Vydání: | [1. Aufl.] |
| Témata: | |
| On-line přístup: |
|
| Tagy: |
Přidat tag
Žádné tagy, Buďte první, kdo vytvoří štítek k tomuto záznamu!
|
MARC
| LEADER | 00000nam a2200000 4500 | ||
|---|---|---|---|
| 003 | SK-BrCVT | ||
| 005 | 20220621162635.0 | ||
| 008 | 070509s2007 it e ||||||ger d | ||
| 035 | |a CVTIDW1406201 | ||
| 040 | |b slo |a CVTI SR |e AACR2 | ||
| 041 | 0 | |a ger |a cze | |
| 044 | |a it | ||
| 080 | |a 667.661 |2 UDC-MRF | ||
| 080 | |a 621.658 |2 UDC-MRF | ||
| 110 | 2 | |a LARIUS (Calolziocorte, Taliansko) |4 aut | |
| 242 | 1 | 0 | |a Lakovacie nízkotlakové systémy |
| 245 | 1 | 0 | |a L2. Systemen fuer die niederdrueck-lackierung. |
| 250 | |a [1. Aufl.] | ||
| 260 | |a [S.l.] : |b [s.n.], |c 2007 | ||
| 300 | |a [12 s.] : |b obr., tab. ; | ||
| 653 | 1 | |a pneumatické prečerpávacie čerpadlo s dvojitou membránou Larius 2 - Larius 4 | |
| 710 | 2 | |a SURFIN, s.r.o. (Brno) |4 com | |
| 910 | |b F026886 | ||
| 959 | |a 6104 | ||
| 959 | |a 5512 | ||
| 974 | |f Firemná literatúra | ||
| 992 | |a FFP | ||
| 999 | |c 151637 |d 151637 | ||